Central Library OPAC University of Rajshahi

The veil of money / (Record no. 3443)

MARC details
000 -LEADER
fixed length control field 00772cam a22002651i 4500
001 - CONTROL NUMBER
control field 3443
003 - CONTROL NUMBER IDENTIFIER
rucl marc code BD-RjUL
005 - DATE AND TIME OF LATEST TRANSACTION
control field 20211208233730.0
008 - FIXED-LENGTH DATA ELEMENTS--GENERAL INFORMATION
fixed length control field 131219s1949 enk 000 0 eng
035 ## - SYSTEM CONTROL NUMBER
System control number (BD-RjUL)3477
System control number (OCoLC)3655602
040 ## - CATALOGING SOURCE
Original cataloging agency DLC
Transcribing agency FJUNF
Modifying agency OTU
-- OCoLC
-- DLC
-- BD-RjUL
Language of cataloging eng
041 ## - LANGUAGE CODE
Language code of text/sound track or separate title eng
082 00 - DEWEY DECIMAL CLASSIFICATION NUMBER
Classification number 332.4
Edition number 18
Author mark and year PIV 1949
100 1# - MAIN ENTRY--PERSONAL NAME
Personal name Pigou, A. C.
Fuller form of name (Arthur Cecil),
Dates associated with a name 1877-1959
9 (RLIN) 6471
245 14 - TITLE STATEMENT
Title The veil of money /
Statement of responsibility, etc. by A. C. Pigou.
260 ## - PUBLICATION, DISTRIBUTION, ETC. (IMPRINT)
Place of publication, distribution, etc. London :
Name of publisher, distributor, etc. Macmillan ;
Place of publication, distribution, etc. New York : St. Martin's Press,
Date of publication, distribution, etc. 1949.
300 ## - PHYSICAL DESCRIPTION
Pagination viii, 150 p. ;
Size 20 cm.
504 ## - BIBLIOGRAPHY, ETC. NOTE
Bibliography, etc Includes bibliographical references.
650 #0 - SUBJECT ADDED ENTRY--TOPICAL TERM
Topical term or geographic name as entry element Money.
9 (RLIN) 10821
Topical term or geographic name as entry element Income.
9 (RLIN) 10822
942 ## - ADDED ENTRY ELEMENTS (KOHA)
Source of classification or shelving scheme Dewey Decimal Classification
Koha item type Books
Holdings
Lost status Source of classification or shelving scheme Damaged status Not for loan Collection code Permanent Location Current Location Shelving location Date acquired Source of acquisition Cost, normal purchase price Total Checkouts Full call number Date last seen Copy number Koha item type
  Dewey Decimal Classification   Not For Loan Non-fiction Central Library, University of Rajshahi Central Library, University of Rajshahi Reading Room 19/12/2013 Dr. A. I. Qur. 512.60   332.4 PIV 1949 19/12/2013 C-1 Books